The Nether World Poems / (Record no. 185777)

MARC details
000 -LEADER
fixed length control field 00564nam a22001817a 4500
005 - DATE AND TIME OF LATEST TRANSACTION
control field 20220209124501.0
010 ## - LCCN (DPL NO)
LC control number ENG-131478
020 ## - INTERNATIONAL STANDARD BOOK NUMBER
International Standard Book Number 978-93-910913-3-0
Terms of availability 230.00
035 ## - SYSTEM CONTROL NUMBER
System control number EN-115010
037 ## - SOURCE OF ACQUISITION
Source of stock number/acquisition DBAD
082 ## - DEWEY DECIMAL CLASSIFICATION NUMBER
Classification number 881
100 ## - MAIN ENTRY--PERSONAL NAME
Personal name Anand, Jernail Singh
245 ## - TITLE STATEMENT
Title The Nether World Poems /
Statement of responsibility, etc Jernail Singh Anand
260 ## - PUBLICATION, DISTRIBUTION, ETC. (IMPRINT)
Place of publication, distribution, etc Gurugram
Name of publisher, distributor, etc The Poetry Society of India
Date of publication, distribution, etc 2021
270 ## - ADDRESS
Address H-23/16, DLF Phase 1
City Gurugram
Postal code 122002
Telephone number 7015676289
Electronic mail address thepoetrysoindia@gmail.com
300 ## - PHYSICAL DESCRIPTION
Extent 82 p.
Dimensions 21cm(pbk)
942 ## - ADDED ENTRY ELEMENTS (KOHA)
Source of classification or shelving scheme Dewey Decimal Classification
Item type English Books
Classification part 881
Call number suffix ANA
Holdings
Withdrawn status Lost status Not for loan Collection code Home library Current library Date acquired Source of acquisition Cost, normal purchase price Full call number Barcode Copy number Cost, replacement price Koha item type
      Non-fiction Bawana Bawana 09/02/2022 DBAD/PUB 230.00 881 ANA EN-115010 1 230.00 English Books

© Delhi Public Library
Hit Counter
free hit counter